Statistiques concernant QCM - Choses par 7

Cliquez ici pour prendre le quiz!

Statistiques générales

  • Ce quiz a été pris 343 fois
  • Le résultat moyen est 33 sur 45

Statistiques - réponses

QuestionTuileSelect% Correct
Les 7 péchés capitauxL'avariceOui
96%
Les 7 merveilles du mondeLa pyramide de KhéopsOui
95%
Les 7 nains de Blanche NeigeDormeurOui
94%
Les 7 nains de Blanche NeigeGrincheuxOui
94%
Les 7 merveilles du mondeLes jardins suspendus de BabyloneOui
94%
Les 7 péchés capitauxL'orgueilOui
94%
Les 7 nains de Blanche NeigeAtchoumOui
93%
Les 7 nains de Blanche NeigeJoyeuxOui
93%
Les 7 péchés capitauxLa gourmandiseOui
93%
Les 7 nains de Blanche NeigeSimpletOui
93%
Les 7 nains de Blanche NeigeTimideOui
93%
Les 7 péchés capitauxLa luxureOui
91%
Les 7 péchés capitauxLa paresseOui
91%
Les 7 merveilles du mondeLe château de MoulinsartNon
90%
Les 7 merveilles du mondeLe colosse de RhodesOui
90%
Les 7 nains de Blanche NeigeJoueurNon
89%
Les 7 merveilles du mondeLe phare d'AlexandrieOui
89%
Les 7 merveilles du mondeLe temple d'Artémis à ÉphèseOui
89%
Les 7 merveilles du mondeLa statue chryséléphantine de ZeusOui
81%
Les 7 Arts libérauxArithmétiqueOui
80%
Les 7 péchés capitauxL'envieOui
79%
Les 7 péchés capitauxLa colèreOui
78%
Les 7 Arts libérauxAstronomieOui
77%
Les 7 Arts libérauxGéométrieOui
76%
Les 7 Arts libérauxRhétoriqueOui
76%
Les 7 péchés capitauxLe mensongeNon
75%
Les 7 Arts libérauxDialectiqueOui
72%
Les 7 Arts libérauxMusiqueOui
72%
Les 7 nains de Blanche NeigeProfOui
72%
Les 7 chakrasAnahata - chakra du cœur-Oui
70%
Les 7 nains de Blanche NeigeBavardNon
70%
Les 7 merveilles du mondeLe tombeau de Mausole à HalicarnasseOui
70%
Les 7 chakrasAjna -chakra du 3e œil-Oui
66%
Les 7 chakrasManipura -chakra du plexus solaire-Oui
65%
Les 7 péchés capitauxLa vanitéNon
58%
Les 7 chakrasMuladhara -chakra racine-Oui
58%
Les 7 chakrasSwadhisthana -chakra sacré-Oui
58%
Les 7 merveilles du mondeLa tour de BabelNon
53%
Les 7 chakrasVishuddha - chakra de la gorge-Oui
50%
Les 7 Arts libérauxGrammaireOui
47%
Les 7 Arts libérauxOrthographeNon
46%
Les 7 chakrasSahasrara -chakra coronal-Oui
44%
Les 7 Arts libérauxAlchimieNon
27%
Les 7 chakrasTadhikana -chakra de l'estomac-Non
21%
Les 7 chakrasKalifhara -chakra de l'esprit-Non
9%

Distribution des résultats

Percentile par nombre de réponses

% des personnes avec chaque résultat

Votre développement - résultats

Vous n’avez pas pris ce quiz